[Event "9. Open International Championship of V"]
[Site "Novi Sad - Ribarac 4"]
[Date "2018.07.26"]
[Round "8.2"]
[White "Budisavljevic, Luka"]
[Black "Cabarkapa, Novak"]
[Result "0-1"]
[WhiteElo "2324"]
[BlackElo "2439"]
[PlyCount "96"]
[EventDate "2018.07.22"]

1. d4 Nf6 2. Nf3 g6 3. c4 Bg7 4. Nc3 d6 5. Bg5 O-O 6. e3 Nc6 7. Be2 Bf5 8. h3
Ne4 9. Nxe4 Bxe4 10. O-O h6 11. Bh4 g5 12. Bg3 e5 13. d5 Ne7 14. Nd2 Bh7 15. e4
f5 16. exf5 e4 17. Nxe4 Nxf5 18. Bd3 Qd7 19. Bh2 Nh4 20. Nc3 Bxd3 21. Qxd3 Rf3
22. Qe4 Bxc3 23. gxf3 Qxh3 24. Qe6+ Qxe6 25. dxe6 Bxb2 26. Rab1 Nxf3+ 27. Kg2
Nxh2 28. Kxh2 Be5+ 29. Kh3 b6 30. Rbe1 Re8 31. Rg1 Kh7 32. Rg4 Kg6 33. Re3 Kf5
34. a4 a5 35. Rg1 Kxe6 36. Kg4 Rf8 37. Kh5 Rxf2 38. Kxh6 Kf6 39. Kh7 Rh2+ 40.
Kg8 Ke6 41. Rxe5+ Kxe5 42. Rxg5+ Kd4 43. Rg4+ Kc5 44. Rg7 c6 45. Kf7 Rh4 46.
Rg5+ Kb4 47. Ke7 Rxc4 48. Kxd6 Kxa4 0-1

[Event "9. Open International Championship of V"]
[Site "Novi Sad - Ribarac 4"]
[Date "2018.07.26"]
[Round "8.4"]
[White "Pratyusha, Bodda"]
[Black "Sharavdorj, Dashzegve"]
[Result "1-0"]
[WhiteElo "2244"]
[BlackElo "2403"]
[PlyCount "60"]
[EventDate "2018.07.22"]

1. e4 c5 2. Nf3 e6 3. d4 cxd4 4. Nxd4 Nc6 5. Nc3 a6 6. Be3 Nf6 7. a3 Qc7 8. Nb3
Be7 9. Be2 O-O 10. f4 d6 11. O-O b5 12. Bf3 Bb7 13. g4 Rfc8 14. g5 Nd7 15. Bg2
Bf8 16. Rf3 g6 17. Rh3 b4 18. axb4 Nxb4 19. Nd4 e5 20. Nde2 d5 21. exd5 Bc5 22.
Bxc5 Qxc5+ 23. Kh1 exf4 24. Nxf4 Qf2 25. Nfe2 Qf5 26. Qd4 Nxc2 27. Qh4 h5 28.
Rf1 Qe5 29. Qa4 Ne3 30. Rxe3 Qxe3 1-0

[Event "9. Open International Championship of V"]
[Site "Novi Sad - Ribarac 4"]
[Date "2018.07.26"]
[Round "8.5"]
[White "Nomin-Erdene, Davaademberel"]
[Black "Kostic, Vladimir G"]
[Result "1-0"]
[WhiteElo "2371"]
[BlackElo "2319"]
[PlyCount "47"]
[EventDate "2018.07.22"]

1. e4 c5 2. Nf3 d6 3. d4 cxd4 4. Nxd4 Nf6 5. Nc3 g6 6. Be3 Bg7 7. f3 O-O 8. Qd2
Nc6 9. g4 Nxd4 10. Bxd4 Be6 11. Nd5 Bxd5 12. exd5 Qc7 13. h4 Rac8 14. Rh2 Rfe8
15. O-O-O Qd7 16. g5 Nh5 17. Bh3 Qa4 18. Bxc8 Qxa2 19. Qc3 Bxd4 20. Rxd4 Qa1+
21. Kd2 Qg1 22. Re2 Ng3 23. Re1 Qf2+ 24. Kd1 1-0

[Event "9. Open International Championship of V"]
[Site "Novi Sad - Ribarac 4"]
[Date "2018.07.26"]
[Round "8.6"]
[White "Batsuren, Dambasuren"]
[Black "Jocev, Milan"]
[Result "1-0"]
[WhiteElo "2321"]
[BlackElo "2256"]
[PlyCount "77"]
[EventDate "2018.07.22"]

1. d4 d5 2. c4 c6 3. Nc3 Nf6 4. e3 Bf5 5. cxd5 cxd5 6. Qb3 Nc6 7. Qxb7 Bd7 8.
Qb3 Rb8 9. Qd1 e5 10. dxe5 Nxe5 11. Be2 Bd6 12. Nf3 O-O 13. O-O Qc7 14. h3 Rfd8
15. Nd4 Qc8 16. Re1 Ne4 17. Nxd5 Bxh3 18. Qc2 Qxc2 19. Nxc2 Be6 20. Nf4 Bc4 21.
Bxc4 Nxc4 22. b3 Ne5 23. f3 Rbc8 24. Nd4 Bb4 25. Re2 g5 26. Nh5 Nd3 27. fxe4
Nxc1 28. Rf2 Nd3 29. Rf5 h6 30. Nf6+ Kh8 31. Nd5 Bd2 32. Nf3 Rxd5 33. exd5
Bxe3+ 34. Kf1 Nf4 35. d6 Rc2 36. Rxf4 Bxf4 37. d7 Bc7 38. Rd1 Rxa2 39. Rc1 1-0

[Event "9. Open International Championship of V"]
[Site "Novi Sad - Ribarac 4"]
[Date "2018.07.26"]
[Round "8.7"]
[White "Danchevski, Orce"]
[Black "Tugstumur, Yesuntumur"]
[Result "1-0"]
[WhiteElo "2353"]
[BlackElo "2116"]
[PlyCount "111"]
[EventDate "2018.07.22"]

1. c4 Nf6 2. Nc3 g6 3. e4 d6 4. d4 Bg7 5. Nf3 O-O 6. h3 c5 7. d5 b5 8. cxb5 a6
9. a4 Nbd7 10. Qc2 Ne8 11. bxa6 Nc7 12. Bf4 Nxa6 13. Bb5 Nb4 14. Qe2 f5 15.
exf5 Rxf5 16. Be3 Bb7 17. Rd1 Nb6 18. g4 Rxd5 19. Nxd5 Bxd5 20. O-O Qf8 21. Ng5
Qf6 22. Bc1 Qe5 23. Qxe5 Bxe5 24. f4 Bd4+ 25. Rxd4 cxd4 26. Nf3 Nxa4 27. Nxd4
e5 28. fxe5 dxe5 29. Nf3 e4 30. Ne5 Nc5 31. Be3 Ncd3 32. Nd7 Be6 33. Nf6+ Kg7
34. Nxe4 Ra5 35. Bd4+ Kh6 36. Nd6 Bd5 37. Be3+ Kg7 38. Bd2 Ra8 39. Ne8+ Rxe8
40. Bxe8 Nc6 41. Bc3+ Kh6 42. Bf7 Be4 43. Bc4 Nce5 44. Bxd3 Nxd3 45. Kh2 g5 46.
Rf6+ Bg6 47. b4 Nf4 48. Rd6 Nxh3 49. Rxg6+ Kxg6 50. Kxh3 Kf7 51. b5 Ke6 52. Kg3
Kd6 53. Bd4 Kd5 54. Kf3 h6 55. Ke3 Kd6 56. Ke4 1-0

[Event "9. Open International Championship of V"]
[Site "Novi Sad - Ribarac 4"]
[Date "2018.07.26"]
[Round "8.8"]
[White "Milosevic, Milos"]
[Black "Zhukov, Anton"]
[Result "1-0"]
[WhiteElo "2315"]
[BlackElo "2046"]
[PlyCount "55"]
[EventDate "2018.07.22"]

1. e4 c6 2. d4 d5 3. f3 g6 4. Nc3 Bg7 5. Be3 Qb6 6. Rb1 e5 7. Nge2 Ne7 8. Qd2
dxe4 9. dxe5 Qa5 10. b4 Qc7 11. Nxe4 O-O 12. f4 Rd8 13. Qc1 a5 14. a3 axb4 15.
axb4 Bf5 16. Nd6 f6 17. Nd4 fxe5 18. Bc4+ Kf8 19. fxe5 Rxd6 20. exd6 Qxd6 21.
Qd2 Be5 22. O-O Kg7 23. Ne6+ Bxe6 24. Bh6+ Kh8 25. Qxd6 Bxd6 26. Bxe6 Na6 27.
Rf7 Rg8 28. Bg5 1-0

[Event "9. Open International Championship of V"]
[Site "Novi Sad - Ribarac 4"]
[Date "2018.07.26"]
[Round "8.9"]
[White "Winkelman, Albert"]
[Black "Mikheev, Stanislav"]
[Result "0-1"]
[WhiteElo "2210"]
[BlackElo "2291"]
[PlyCount "78"]
[EventDate "2018.07.22"]

1. e4 c5 2. Nf3 d6 3. d4 cxd4 4. Nxd4 Nf6 5. Nc3 g6 6. Be3 Bg7 7. f3 Nc6 8. Qd2
O-O 9. Bc4 Nxd4 10. Bxd4 Be6 11. Bxe6 fxe6 12. O-O Qa5 13. Rfd1 Rfc8 14. Ne2
Qxd2 15. Rxd2 Bh6 16. Rd3 Rxc2 17. Re1 Nd7 18. Rc3 Rc8 19. Rxc8+ Rxc8 20. Nc3
Rc4 21. Ne2 Rc2 22. Kf2 Bg7 23. Bxg7 Kxg7 24. Rc1 Rxb2 25. Rc7 Nc5 26. Rxe7+
Kg8 27. Ke3 Rxa2 28. Nf4 a5 29. Nxe6 b5 30. Nxc5 dxc5 31. Rb7 b4 32. Kf4 a4 33.
Kg5 Rd2 34. e5 a3 35. Kf6 Rd8 36. Rg7+ Kh8 37. e6 Rf8+ 38. Rf7 Kg8 39. Ke7 Ra8
0-1

[Event "9. Open International Championship of V"]
[Site "Novi Sad - Ribarac 4"]
[Date "2018.07.26"]
[Round "8.10"]
[White "Yordanov, Lachezar"]
[Black "Mitev, Valentin"]
[Result "1-0"]
[WhiteElo "2290"]
[BlackElo "2242"]
[PlyCount "57"]
[EventDate "2018.07.22"]

1. d4 d5 2. c4 dxc4 3. e4 e5 4. Nf3 Bb4+ 5. Nc3 exd4 6. Nxd4 Ne7 7. Bf4 a6 8.
Bxc4 O-O 9. O-O b5 10. Bb3 Bb7 11. Nde2 Ba5 12. Nd5 Nxd5 13. exd5 Nd7 14. Nd4
Qf6 15. Bg3 Nc5 16. Rc1 Bb6 17. Nf3 Rfe8 18. Bxc7 Bxc7 19. Rxc5 Bb6 20. Rc2
Rad8 21. Re2 Rxe2 22. Qxe2 h6 23. Rd1 Bc7 24. h3 g5 25. Qe4 a5 26. h4 gxh4 27.
Nxh4 Qxb2 28. Nf5 Qf6 29. Qe7 {Unreadable..} 1-0

[Event "9. Open International Championship of V"]
[Site "Novi Sad - Ribarac 4"]
[Date "2018.07.26"]
[Round "8.11"]
[White "Dragojlovic, Andjelko"]
[Black "Ilijc, Milan"]
[Result "1-0"]
[WhiteElo "2262"]
[BlackElo "2122"]
[PlyCount "80"]
[EventDate "2018.07.22"]

1. e4 d6 2. d4 Nf6 3. Nc3 g6 4. Be2 Bg7 5. Nf3 O-O 6. O-O Nfd7 7. Be3 e5 8. Qd2
Nc6 9. Rad1 exd4 10. Nxd4 Re8 11. Rfe1 Nde5 12. h3 Nxd4 13. Bxd4 Be6 14. f4 Nc6
15. Bxg7 Kxg7 16. Bf3 Qh4 17. Kh2 Rad8 18. b4 a6 19. a4 Qf6 20. Ne2 Bc4 21. Ng3
Qb2 22. Rb1 Qd4 23. Qc1 Qc3 24. Re3 Qf6 25. Re1 Qc3 26. b5 axb5 27. axb5 Na5
28. b6 c5 29. e5 dxe5 30. Ne4 Qd4 31. Rd1 Qxd1 32. Bxd1 exf4 33. Qxf4 Rd4 34.
Qf6+ Kg8 35. Nxc5 Rd5 36. Nd3 Re4 37. Qf2 Rf5 38. Qd2 Rf1 39. Qxa5 Bxd3 40.
cxd3 Ree1 1-0

[Event "9. Open International Championship of V"]
[Site "Novi Sad - Ribarac 4"]
[Date "2018.07.26"]
[Round "8.12"]
[White "Altantuya, Boldbaatar"]
[Black "Kumic, Filip"]
[Result "0-1"]
[WhiteElo "2060"]
[BlackElo "2230"]
[PlyCount "95"]
[EventDate "2018.07.22"]

1. d4 Nf6 2. c4 g6 3. Nc3 Bg7 4. Nf3 O-O 5. g3 d6 6. Bg2 Nc6 7. d5 Na5 8. Qd3
c5 9. O-O a6 10. e4 e5 11. Bd2 Rb8 12. b3 Bd7 13. Rab1 b5 14. a3 Qc7 15. Rfe1
Rb7 16. Bf1 Rfb8 17. Qc2 bxc4 18. bxc4 Bg4 19. Nh4 Bd7 20. Nf3 Ne8 21. Bd3 Bf6
22. Kg2 Bd8 23. h4 Qc8 24. Be3 Nb3 25. Nb5 Na5 26. Nc3 Nf6 27. Bg5 Kg7 28. Nh2
Ne8 29. Be3 Nb3 30. Nb5 Na5 31. Nc3 h5 32. Nf3 Nf6 33. Nh2 Bh3+ 34. Kh1 Nd7 35.
Nf3 Nb6 36. Ne2 Bd7 37. Bd2 Na4 38. Bc3 Nxc3 39. Nxc3 Nb3 40. Nb5 axb5 41. Rxb3
b4 42. axb4 cxb4 43. Ra1 Ra8 44. Rxa8 Qxa8 45. Qb2 Qa5 46. Qc1 Rb6 47. Kg2 Qc5
48. Nd2 {Unreadable..} 0-1

[Event "9. Open International Championship of V"]
[Site "Novi Sad - Ribarac 4"]
[Date "2018.07.26"]
[Round "8.13"]
[White "Tosic, Miroslav"]
[Black "Ilincic, Aleksa"]
[Result "1-0"]
[WhiteElo "2388"]
[BlackElo "2179"]
[PlyCount "79"]
[EventDate "2018.07.22"]

1. Nf3 Nf6 2. g3 g6 3. Bg2 Bg7 4. O-O O-O 5. d4 d6 6. Nc3 c5 7. dxc5 dxc5 8.
Qxd8 Rxd8 9. Be3 Na6 10. Rad1 Re8 11. Ne5 Rb8 12. h3 Ne4 13. Nd7 Nxc3 14. bxc3
Ra8 15. Nxc5 Nxc5 16. Bxc5 Bxc3 17. Rb1 Bf6 18. c4 Bf5 19. Rxb7 Rac8 20. Be3
Rxc4 21. Bd5 Be4 22. Bxe4 Rxe4 23. Rxa7 Rc8 24. Rd1 Kg7 25. Kg2 Rc2 26. Kf3
Rec4 27. Rd8 R2c3 28. h4 h6 29. Rd3 Rc2 30. Ra8 g5 31. hxg5 hxg5 32. g4 Rb2 33.
Rd5 Rcc2 34. a4 Rxe2 35. a5 Ra2 36. a6 Rec2 37. Rc5 Rxc5 38. Bxc5 Ra4 39. a7
Be5 40. Rc8 1-0

[Event "9. Open International Championship of V"]
[Site "Novi Sad - Ribarac 4"]
[Date "2018.07.26"]
[Round "8.14"]
[White "Paroski, Sinisa"]
[Black "Hirneise, Jens"]
[Result "1/2-1/2"]
[WhiteElo "2199"]
[BlackElo "2379"]
[PlyCount "34"]
[EventDate "2018.07.22"]

1. d4 Nf6 2. Bf4 g6 3. e3 Bg7 4. Nf3 O-O 5. Be2 d6 6. h3 Nfd7 7. c4 e5 8. Bh2
Nc6 9. Nc3 h6 10. O-O Kh8 11. Rb1 f5 12. b4 e4 13. Nd2 Nf6 14. c5 d5 15. b5 Ne7
16. a4 g5 17. a5 Ng6 1/2-1/2

[Event "9. Open International Championship of V"]
[Site "Novi Sad - Ribarac 4"]
[Date "2018.07.26"]
[Round "8.15"]
[White "Copic, Branko"]
[Black "Li, Hong"]
[Result "1/2-1/2"]
[WhiteElo "2167"]
[BlackElo "2365"]
[PlyCount "39"]
[EventDate "2018.07.22"]

1. c4 Nf6 2. Nc3 g6 3. Nf3 Bg7 4. d4 c5 5. Bg5 cxd4 6. Nxd4 Nc6 7. e3 Qa5 8.
Bxf6 Bxf6 9. Be2 Qc5 10. Nd5 Be5 11. f4 Bxd4 12. exd4 Qa5+ 13. Qd2 Qxd2+ 14.
Kxd2 O-O 15. Kc3 Rb8 16. b4 e6 17. Nf6+ Kg7 18. Ng4 d6 19. Bf3 Bd7 20. Bxc6
1/2-1/2

[Event "9. Open International Championship of V"]
[Site "Novi Sad - Ribarac 4"]
[Date "2018.07.26"]
[Round "8.16"]
[White "Ujhazi, Ivan"]
[Black "Rogac, Srdjan"]
[Result "0-1"]
[WhiteElo "2132"]
[BlackElo "2317"]
[PlyCount "92"]
[EventDate "2018.07.22"]

1. e4 c6 2. d4 d5 3. exd5 cxd5 4. c4 Nf6 5. Nc3 g6 6. cxd5 Nxd5 7. Bc4 Nb6 8.
Bb3 Bg7 9. Nf3 O-O 10. h3 Nc6 11. d5 Na5 12. O-O Bf5 13. Re1 Nxb3 14. Qxb3 Rc8
15. Bg5 Re8 16. Rad1 h6 17. Be3 Nc4 18. Bd4 Bxd4 19. Nxd4 Qb6 20. Qxb6 axb6 21.
Nxf5 gxf5 22. d6 Nxd6 23. Nd5 Kf8 24. Nxb6 Rc6 25. Nd7+ Kg7 26. b4 f6 27. a4
Kf7 28. b5 Rc2 29. Rc1 Rec8 30. Rxc2 Rxc2 31. Nb6 e5 32. Rb1 Ra2 33. Rc1 Ke6
34. f3 f4 35. Rc7 Nf5 36. Rc1 Ng3 37. Rb1 f5 38. Re1 e4 39. fxe4 fxe4 40. Nc4
Rxa4 41. Nd2 Kf5 42. Rb1 Ra2 43. Nc4 f3 44. gxf3 exf3 45. Ne3+ Ke4 46. Nf1 Rg2#
0-1

[Event "9. Open International Championship of V"]
[Site "Novi Sad - Ribarac 4"]
[Date "2018.07.26"]
[Round "8.17"]
[White "Uuriintuya, Uurtsaikh"]
[Black "Parezanin, Darko"]
[Result "1/2-1/2"]
[WhiteElo "2158"]
[BlackElo "2265"]
[PlyCount "107"]
[EventDate "2018.07.22"]

1. e4 g6 2. d4 d6 3. Nc3 c6 4. Be3 Nf6 5. Bd3 e5 6. Nf3 Bg4 7. h3 Bxf3 8. Qxf3
Bg7 9. Rd1 Nbd7 10. Qe2 O-O 11. O-O Nh5 12. dxe5 dxe5 13. Bc4 Qe7 14. Rd2 Nf4
15. Qg4 Nf6 16. Qf3 Rfd8 17. Rfd1 Rxd2 18. Rxd2 b5 19. Bb3 N6h5 20. Kh2 Ne6 21.
Bxe6 Qxe6 22. Qd1 Bf8 23. a4 a6 24. b3 Nf4 25. Rd8 Rxd8 26. Qxd8 Kg7 27. Bxf4
exf4 28. Qd4+ Kh6 29. e5 Bg7 30. Ne4 Bxe5 31. Qd8 Kg7 32. f3 bxa4 33. bxa4 Qc4
34. a5 h6 35. Qe7 Bd4 36. Nd6 Qd5 37. c4 Qe6 38. Ne8+ Kh7 39. Qxe6 fxe6 40. Nc7
Bc3 41. Nxa6 Bxa5 42. Nb8 c5 43. Nd7 Bb4 44. Nf8+ Kg7 45. Nxe6+ Kf6 46. Nxf4
Ke5 47. Nxg6+ Kd4 48. Nf4 Kxc4 49. Ne6 Kd5 50. Nf4+ Kd4 51. Ne6+ Ke3 52. Nc7
Kd4 53. Ne6+ Ke5 54. Nxc5 1/2-1/2

[Event "9. Open International Championship of V"]
[Site "Novi Sad - Ribarac 4"]
[Date "2018.07.26"]
[Round "8.18"]
[White "Ninov, Dayan"]
[Black "Manojlovic, Sava"]
[Result "1-0"]
[WhiteElo "2229"]
[BlackElo "2026"]
[PlyCount "62"]
[EventDate "2018.07.22"]

1. e4 c5 2. Nf3 a6 3. c4 d6 4. d4 cxd4 5. Nxd4 Nf6 6. Nc3 g6 7. Be2 Bg7 8. Be3
O-O 9. O-O Nc6 10. Qd2 Re8 11. Rfd1 Bd7 12. f3 Rc8 13. Rac1 Nxd4 14. Bxd4 Be6
15. b3 Nd7 16. Bxg7 Kxg7 17. f4 f6 18. Kh1 Qa5 19. Qb2 Kg8 20. b4 Qb6 21. Nd5
Qa7 22. Bf3 b6 23. Qe2 Bf7 24. Bg4 e6 25. Ne3 f5 26. Bf3 fxe4 27. Bxe4 d5 28.
cxd5 Rxc1 29. Rxc1 exd5 30. Nxd5 Bxd5 31. Bxd5+ Kf8 1-0

[Event "9. Open International Championship of V"]
[Site "Novi Sad - Ribarac 4"]
[Date "2018.07.26"]
[Round "8.19"]
[White "Otawa, Yuto"]
[Black "Banovic, Ivan"]
[Result "0-1"]
[WhiteElo "2140"]
[BlackElo "2224"]
[PlyCount "118"]
[EventDate "2018.07.22"]

1. d4 Nf6 2. c4 g6 3. Nc3 Bg7 4. e4 O-O 5. f3 c6 6. Be3 d5 7. e5 Ne8 8. f4 dxc4
9. Bxc4 Nc7 10. Nf3 Be6 11. Bxe6 Nxe6 12. Qb3 Qb6 13. Qxb6 axb6 14. O-O Nc7 15.
Rfd1 Nd5 16. Kf2 Rd8 17. a3 Na6 18. Nxd5 Rxd5 19. g4 Nc7 20. Nd2 Rdd8 21. Ne4
Ra5 22. h4 f5 23. gxf5 gxf5 24. Ng3 e6 25. Rg1 Kf7 26. Kf3 Nd5 27. Rg2 Bh6 28.
Ne2 Rg8 29. Rxg8 Kxg8 30. h5 Bf8 31. Rc1 Kf7 32. Ng1 Ra4 33. Nh3 h6 34. Bf2 b5
35. Ng1 Rc4 36. Ne2 Be7 37. Be1 Rxc1 38. Nxc1 Ke8 39. Nd3 Nb6 40. Bb4 Nc4 41.
Bxe7 Kxe7 42. Ke2 b6 43. Kf3 Kd7 44. Ke2 Kc7 45. Kf2 Nd2 46. Ke3 Ne4 47. Kf3 c5
48. dxc5 bxc5 49. Ke3 Kc6 50. b4 c4 51. Ne1 Kd5 52. Nc2 Ng3 53. Ne1 Nxh5 54.
Nf3 Ng3 55. Kf2 c3 56. Ne1 Ne4+ 57. Ke3 Kc4 58. Nc2 h5 59. Ke2 h4 0-1

[Event "9. Open International Championship of V"]
[Site "Novi Sad - Ribarac 4"]
[Date "2018.07.26"]
[Round "8.20"]
[White "Tisma, Ivan"]
[Black "Omorjan, Dejan"]
[Result "0-1"]
[WhiteElo "2113"]
[BlackElo "2292"]
[PlyCount "80"]
[EventDate "2018.07.22"]

1. Nf3 c5 2. c4 g6 3. g3 Bg7 4. Bg2 Nc6 5. Nc3 d6 6. d3 e5 7. O-O Nge7 8. Ne1
Be6 9. Nc2 d5 10. cxd5 Nxd5 11. Ne3 Nde7 12. Ne4 b6 13. Qa4 Rc8 14. Bd2 O-O 15.
Rfc1 h6 16. Bc3 f5 17. Nd2 e4 18. Rd1 exd3 19. Nf3 Nd4 20. Nxd4 cxd4 21. Rxd3
dxc3 22. Rxd8 cxb2 23. Rxf8+ Kxf8 24. Rd1 Rc1 25. Qb4 Bxa2 26. Qd6 Rxd1+ 27.
Nxd1 b1=Q 28. Bc6 Kg8 29. Bf3 Bb3 30. e3 Bxd1 31. Bxd1 Nc6 32. Kg2 Nd4 33. Qxg6
Qxd1 34. exd4 Qxd4 35. Qxf5 a5 36. Qc8+ Kf7 37. Qf5+ Ke7 38. f4 a4 39. Qc8 Qd5+
40. Kf1 Qf3+ 0-1

[Event "9. Open International Championship of V"]
[Site "Novi Sad - Ribarac 4"]
[Date "2018.07.27"]
[Round "9.3"]
[White "Pastar, Slaven"]
[Black "Pratyusha, Bodda"]
[Result "1/2-1/2"]
[WhiteElo "2262"]
[BlackElo "2244"]
[PlyCount "91"]
[EventDate "2018.07.22"]

1. e4 e5 2. Nf3 Nc6 3. d4 exd4 4. Nxd4 Nf6 5. Nxc6 bxc6 6. Bd3 g6 7. O-O Bg7 8.
Nc3 O-O 9. Bg5 h6 10. Bh4 d6 11. Bc4 Qd7 12. Re1 Qg4 13. Qxg4 Nxg4 14. Bb3 Be6
15. f4 Bd4+ 16. Kh1 g5 17. fxg5 hxg5 18. Bg3 Kg7 19. Re2 Rh8 20. h3 Rh6 21. Rd1
Be5 22. Rd3 Rah8 23. Kg1 Bxb3 24. axb3 Nf6 25. Bxe5 dxe5 26. Rf2 g4 27. Rf5
gxh3 28. gxh3 Rg6+ 29. Kf1 Rh5 30. Rf2 Kf8 31. Rdf3 Ke7 32. Ke2 Rhg5 33. Kd3
Rg3 34. Ne2 Rxf3+ 35. Rxf3 Rg2 36. Ng3 Ke6 37. b4 Rh2 38. Nf5 Nh5 39. h4 Nf4+
40. Kc3 Ne2+ 41. Kc4 Nf4 42. Kb3 Nh5 43. Rc3 Kd7 44. Rd3+ Ke6 45. Rc3 Kd7 46.
Rd3+ 1/2-1/2

[Event "9. Open International Championship of V"]
[Site "Novi Sad - Ribarac 4"]
[Date "2018.07.27"]
[Round "9.4"]
[White "Batsuren, Dambasuren"]
[Black "Danchevski, Orce"]
[Result "1/2-1/2"]
[WhiteElo "2321"]
[BlackElo "2353"]
[PlyCount "22"]
[EventDate "2018.07.22"]

1. d4 d5 2. c4 e6 3. Nc3 Nf6 4. cxd5 exd5 5. Bg5 c6 6. e3 Be7 7. Bd3 O-O 8. Qc2
Nbd7 9. Nf3 Re8 10. O-O Nf8 11. h3 Ne4 1/2-1/2

[Event "9. Open International Championship of V"]
[Site "Novi Sad - Ribarac 4"]
[Date "2018.07.27"]
[Round "9.5"]
[White "Kumic, Filip"]
[Black "Milosevic, Milos"]
[Result "0-1"]
[WhiteElo "2230"]
[BlackElo "2315"]
[PlyCount "90"]
[EventDate "2018.07.22"]

1. b3 e5 2. Bb2 Nc6 3. e3 Nf6 4. Bb5 Bd6 5. Na3 Na5 6. Be2 a6 7. Nf3 Qe7 8. Nb1
b5 9. d4 e4 10. Nfd2 O-O 11. c4 bxc4 12. bxc4 c5 13. d5 Be5 14. Nc3 Rb8 15. Qc2
d6 16. h3 Nd7 17. Ndxe4 f5 18. Nd2 f4 19. e4 Qf6 20. Nb3 Rb4 21. Nd1 f3 22.
gxf3 Bxb2 23. Nxb2 Ne5 24. O-O-O Nxb3+ 25. axb3 Bd7 26. Nd3 Nxd3+ 27. Rxd3 a5
28. Qc3 Qg5+ 29. Qd2 Qe7 30. Rg1 a4 31. Qg5 Rf6 32. e5 dxe5 33. d6 Qf8 34. Qxe5
Re6 35. Qxc5 Qf6 36. Re3 Rxe3 37. fxe3 Qc3+ 38. Kd1 Rxb3 39. Qd5+ Kf8 40. Qe4
Qa1+ 41. Kd2 Rb2+ 42. Kd3 Qa3+ 43. Kd4 Qxd6+ 44. Qd5 Qf6+ 45. Ke4 Bc6 0-1

[Event "9. Open International Championship of V"]
[Site "Novi Sad - Ribarac 4"]
[Date "2018.07.27"]
[Round "9.6"]
[White "Mikheev, Stanislav"]
[Black "Yordanov, Lachezar"]
[Result "1-0"]
[WhiteElo "2291"]
[BlackElo "2290"]
[PlyCount "75"]
[EventDate "2018.07.22"]

1. d4 Nf6 2. Bf4 e6 3. Nf3 d5 4. e3 Bd6 5. Bg3 O-O 6. Nbd2 c5 7. c3 Nc6 8. Bd3
b6 9. e4 dxe4 10. Nxe4 Be7 11. dxc5 bxc5 12. O-O Nxe4 13. Bxe4 Bb7 14. Ne5 Qc8
15. Nc4 f5 16. Bc2 Ba6 17. Qe2 Na5 18. Bd3 Nxc4 19. Bxc4 Bxc4 20. Qxc4 Re8 21.
Rfe1 Bf8 22. Re2 Qc6 23. Rae1 Kf7 24. b4 a6 25. Re5 g6 26. a4 Qb6 27. b5 axb5
28. axb5 Ra5 29. Rb1 Rea8 30. Ree1 Ra4 31. Qe2 c4 32. Rbd1 R8a7 33. Rd6 Bxd6
34. Qxe6+ Kg7 35. Bxd6 Qxb5 36. Be5+ Kf8 37. Qf6+ Kg8 38. Bd4 1-0

[Event "9. Open International Championship of V"]
[Site "Novi Sad - Ribarac 4"]
[Date "2018.07.27"]
[Round "9.7"]
[White "Raja, Rithvik R"]
[Black "Dragojlovic, Andjelko"]
[Result "1-0"]
[WhiteElo "2343"]
[BlackElo "2262"]
[PlyCount "116"]
[EventDate "2018.07.22"]

1. Nf3 g6 2. d4 Bg7 3. g3 Nf6 4. Bg2 O-O 5. O-O d5 6. c4 c6 7. b3 a5 8. Nc3 Bf5
9. Bb2 Qb6 10. Rc1 dxc4 11. Na4 Qa7 12. bxc4 Na6 13. d5 Rad8 14. Bd4 c5 15. Bc3
Nb4 16. a3 Bd7 17. Rb1 b5 18. axb4 axb4 19. Bxf6 Bxf6 20. cxb5 Bxb5 21. Nb2 c4
22. Nd2 c3 23. Ne4 Qa2 24. Nxf6+ exf6 25. Qd4 Bxe2 26. Rfe1 Rb8 27. d6 Bb5 28.
Qxb4 Bd3 29. Nxd3 Rxb4 30. Nxb4 Qc4 31. Nd5 Kg7 32. Rbc1 Qc5 33. Rxc3 Qxd6 34.
Rc7 h5 35. h4 g5 36. hxg5 fxg5 37. Ree7 h4 38. Ne3 Kh8 39. gxh4 gxh4 40. Rxf7
Rxf7 41. Rxf7 h3 42. Be4 Qe5 43. Rh7+ Kg8 44. Rh4 Kf8 45. Bd5 Qg5+ 46. Rg4 Qf6
47. Rg3 h2+ 48. Kg2 Ke7 49. Ng4 Qd4 50. Bf3 Kd8 51. Nxh2 Ke7 52. Ng4 Qa1 53.
Ne3 Kf8 54. Bd5 Qe5 55. f4 Qa1 56. f5 Ke7 57. Rg6 Qe1 58. f6+ Kf8 1-0

[Event "9. Open International Championship of V"]
[Site "Novi Sad - Ribarac 4"]
[Date "2018.07.27"]
[Round "9.8"]
[White "Rogac, Srdjan"]
[Black "Tosic, Miroslav"]
[Result "1-0"]
[WhiteElo "2317"]
[BlackElo "2388"]
[PlyCount "113"]
[EventDate "2018.07.22"]

1. e4 c5 2. c3 Nf6 3. e5 Nd5 4. g3 Nc6 5. Bg2 Qc7 6. f4 e6 7. Nf3 d6 8. Qe2 h5
9. O-O Nde7 10. exd6 Qxd6 11. Na3 Nf5 12. Nc4 Qc7 13. Ne3 Be7 14. Nxf5 exf5 15.
Ne5 Nxe5 16. Qxe5 Qxe5 17. fxe5 c4 18. d4 cxd3 19. Be3 h4 20. Rfd1 hxg3 21.
hxg3 a5 22. a4 Ra6 23. Kf2 Re6 24. Rxd3 Rxe5 25. Bd4 Bc5 26. b4 axb4 27. cxb4
Bxd4+ 28. Rxd4 Rh2 29. Rad1 Ke7 30. Rc1 Be6 31. Kg1 Rh8 32. Bxb7 Re3 33. a5
Rxg3+ 34. Kf2 Ra3 35. a6 Rh2+ 36. Ke1 Rb2 37. Rcd1 g5 38. R1d3 Ra1+ 39. Rd1 Ra4
40. R1d2 Rb3 41. R2d3 Ra1+ 42. Kd2 Rb2+ 43. Kc3 Rba2 44. b5 Rb1 45. Rb4 Rc1+
46. Kd4 f4 47. b6 g4 48. a7 f3 49. a8=Q f2 50. Qxa2 f1=Q 51. Qh2 Qe1 52. Qd2
Qg1+ 53. Qe3 Qh2 54. Qxc1 Qd6+ 55. Ke3 Qg3+ 56. Ke2 Qh2+ 57. Kf1 1-0

[Event "9. Open International Championship of V"]
[Site "Novi Sad - Ribarac 4"]
[Date "2018.07.27"]
[Round "9.9"]
[White "Jocev, Milan"]
[Black "Budisavljevic, Luka"]
[Result "1-0"]
[WhiteElo "2256"]
[BlackElo "2324"]
[PlyCount "120"]
[EventDate "2018.07.22"]

1. e4 c5 2. Nf3 e6 3. g3 d5 4. exd5 exd5 5. d4 Nf6 6. Nc3 Be7 7. Bg2 O-O 8. O-O
Nc6 9. Re1 Bg4 10. dxc5 Bxc5 11. h3 Bf5 12. Bg5 d4 13. Bxf6 Qxf6 14. Ne4 Qe7
15. Nh4 Bg6 16. f4 Bxe4 17. Bxe4 Qd6 18. Kg2 g6 19. Qf3 Rae8 20. Rad1 Re7 21.
Re2 Rfe8 22. Rde1 f5 23. Bxc6 bxc6 24. Rxe7 Rxe7 25. Rxe7 Qxe7 26. Qd3 Qe6 27.
b3 Kg7 28. Nf3 Kf6 29. Nxd4 Qd5+ 30. Nf3 Ke6 31. Qe2+ Kf7 32. c4 Qd6 33. Qe5 h6
34. g4 fxg4 35. hxg4 Qf8 36. Qc7+ Kg8 37. Qxc6 Bd6 38. Qd5+ Kg7 39. Nd4 Kh8 40.
Ne6 Qe7 41. c5 Bb8 42. Kf3 Kh7 43. Qd7 Qxd7 44. Nf8+ Kg7 45. Nxd7 Bc7 46. b4
Kf7 47. b5 Ke6 48. b6 axb6 49. cxb6 Bd6 50. Ne5 g5 51. fxg5 hxg5 52. Nc4 Bb8
53. Ke4 Bf4 54. a4 Kd7 55. Kd5 Kc8 56. Kc6 Kb8 57. a5 Ka8 58. a6 Bc7 59. Nd6
Bb8 60. Nc8 Ba7 1-0

[Event "9. Open International Championship of V"]
[Site "Novi Sad - Ribarac 4"]
[Date "2018.07.27"]
[Round "9.10"]
[White "Kostic, Vladimir G"]
[Black "Ninov, Dayan"]
[Result "1-0"]
[WhiteElo "2319"]
[BlackElo "2229"]
[PlyCount "51"]
[EventDate "2018.07.22"]

1. e4 c5 2. Nc3 Nc6 3. Bb5 e6 4. Bxc6 bxc6 5. f4 c4 6. Nf3 d5 7. e5 Ne7 8. O-O
Nf5 9. Kh1 Ba6 10. Ne2 h5 11. Ned4 Nxd4 12. Nxd4 c5 13. Nf3 c3 14. d3 cxb2 15.
Bxb2 Rb8 16. Rb1 Be7 17. Qe2 g6 18. Ng5 O-O 19. h4 Bxg5 20. hxg5 d4 21. Kg1 Qd5
22. Ba3 Rxb1 23. Rxb1 Qxa2 24. Rb3 Rc8 25. f5 c4 26. fxg6 1-0